[Event "DVM U16 2024"]
[Site "Sebnitz GER"]
[Date "2024.12.29"]
[Round "5"]
[White "Hellenbroich, Hanno"]
[Black "Schimann, Kirill"]
[Result "0-1"]
[Termination "normal"]
[Board "5.4"]
[WhiteElo "1771"]
[BlackElo "1692"]
[WhiteTeam "Lübecker SV 1873"]
[BlackTeam "SV Stuttgart-Wolfbusch 1956"]
[PlyCount "92"]
[WhiteFideId "16270762"]
[BlackFideId "16296338"]
[EventCountry "GER"]
[EventRounds "7"]
[EventType "team-swiss"]
[EventDate "2024.12.26"]

1. e4 c6 2. Nc3 d5 3. Nf3 dxe4 4. Nxe4 Bf5 5. Ng3 Bg6 6. h4 h6 7. Ne5 Bh7 8.
Qf3 Nf6 9. Qb3 Qd5 10. Qxb7 Qxe5+ 11. Be2 e6 12. Qxa8 Qc7 13. Ba6 Nd5 14. a3
Bd6 15. d3 Qa5+ 16. b4 Qxa6 17. b5 cxb5 18. c4 bxc4 19. Rb1 Nb6 20. Qf3 Bxd3
21. Ra1 Bb4+ 22. axb4 Qxa1 23. Kd2 Nd5 24. Ne4 Bxe4 25. Qxe4 Qc3+ 26. Ke2 Qxb4
27. Qe5 O-O 28. Bxh6 gxh6 29. Rh3 Nf4+ 30. Qxf4 Qb2+ 31. Kf3 Qc3+ 32. Ke2 Qc2+
33. Ke1 Kh7 34. Rg3 c3 35. Re3 Qd2+ 36. Kf1 c2 37. Qe4+ f5 38. Qb7+ Qd7 39. Qb2
Rc8 40. Re1 Qc6 41. Qf6 Rc7 42. h5 Rg7 43. Qb2 Qxg2+ 44. Ke2 Qe4+ 45. Kd2 Rd7+
46. Kc1 Qxe1+ 0-1

[Event "DVM U16 2024"]
[Site "Sebnitz GER"]
[Date "2024.12.29"]
[Round "5"]
[White "Möller, Maurin"]
[Black "Sydykov, Bayastan"]
[Result "1-0"]
[Termination "normal"]
[Board "6.1"]
[BlackTitle "FM"]
[WhiteElo "2233"]
[BlackElo "2221"]
[WhiteTeam "SK Blauer Springer Paderborn 1926"]
[BlackTeam "SK 1858 Gießen"]
[PlyCount "69"]
[WhiteFideId "16265696"]
[BlackFideId "13829610"]
[EventCountry "GER"]
[EventRounds "7"]
[EventType "team-swiss"]
[EventDate "2024.12.26"]

1. e4 e6 2. d4 d5 3. Nd2 c5 4. exd5 Qxd5 5. Ngf3 cxd4 6. Bc4 Qd7 7. O-O Nc6 8.
Nb3 Nf6 9. Nbxd4 Nxd4 10. Nxd4 a6 11. Bb3 Bd6 12. Re1 Qc7 13. Nf5 Bxh2+ 14. Kh1
O-O 15. Nxg7 Rd8 16. Qf3 Kxg7 17. Bh6+ Kg6 18. c3 Nh5 19. Re4 Kxh6 20. Rh4 Kg7
21. Qxh5 Bf4 22. g3 Bd2 23. Rd1 Qd6 24. Rg4+ Kf8 25. Qxh7 Ke7 26. Qh4+ Kf8 27.
Qf6 b5 28. Rh4 Bb7+ 29. Kh2 Ke8 30. Rxd2 Qf8 31. Rxd8+ Rxd8 32. Rh8 Qxh8+ 33.
Qxh8+ Ke7 34. Qe5 Ke8 35. g4 1-0

[Event "DVM U16 2024"]
[Site "Sebnitz GER"]
[Date "2024.12.29"]
[Round "5"]
[White "Sasikumar Anitha, Sarvesh"]
[Black "Weeke, Tom"]
[Result "1/2-1/2"]
[Termination "normal"]
[Board "6.2"]
[WhiteElo "1850"]
[BlackElo "1785"]
[WhiteTeam "SK 1858 Gießen"]
[BlackTeam "SK Blauer Springer Paderborn 1926"]
[PlyCount "45"]
[WhiteFideId "34609245"]
[BlackFideId "34607080"]
[EventCountry "GER"]
[EventRounds "7"]
[EventType "team-swiss"]
[EventDate "2024.12.26"]

1. e4 c5 2. Nf3 Nc6 3. d4 cxd4 4. Nxd4 Nf6 5. Nc3 e5 6. Ndb5 d6 7. Bg5 a6 8.
Na3 b5 9. Nd5 Be7 10. Bxf6 Bxf6 11. c3 O-O 12. Be2 Bg5 13. Bg4 Be6 14. O-O Ne7
15. Nxe7+ Qxe7 16. Nc2 a5 17. Bxe6 fxe6 18. Qd3 Rab8 19. Rad1 Rfd8 20. Ne1 d5
21. Nf3 Bf6 22. Rfe1 Qd6 23. h3 1/2-1/2

[Event "DVM U16 2024"]
[Site "Sebnitz GER"]
[Date "2024.12.29"]
[Round "5"]
[White "Rogalski, Niclas"]
[Black "Himmelspacht, Maxim"]
[Result "1/2-1/2"]
[Termination "normal"]
[Board "6.3"]
[WhiteElo "1666"]
[BlackElo "1808"]
[WhiteTeam "SK Blauer Springer Paderborn 1926"]
[BlackTeam "SK 1858 Gießen"]
[PlyCount "48"]
[WhiteFideId "34640320"]
[BlackFideId "16287932"]
[EventCountry "GER"]
[EventRounds "7"]
[EventType "team-swiss"]
[EventDate "2024.12.26"]

1. e4 e6 2. d4 d5 3. Nd2 c5 4. exd5 Qxd5 5. Ngf3 cxd4 6. Bc4 Qd7 7. O-O Nc6 8.
Nb3 Nf6 9. Nbxd4 Nxd4 10. Nxd4 a6 11. Re1 b5 12. Bb3 Be7 13. a4 Bb7 14. axb5
axb5 15. Rxa8+ Bxa8 16. Qd3 b4 17. c3 bxc3 18. bxc3 O-O 19. Bg5 h6 20. Bh4 Qb7
21. f3 Nh5 22. Bc2 g6 23. Bxe7 Qxe7 24. Qd2 Kg7 1/2-1/2

[Event "DVM U16 2024"]
[Site "Sebnitz GER"]
[Date "2024.12.29"]
[Round "5"]
[White "Haubold, Sebastian"]
[Black "Polzin, Gustav"]
[Result "1-0"]
[Termination "normal"]
[Board "7.1"]
[WhiteElo "2163"]
[BlackElo "2018"]
[WhiteTeam "USC Magdeburg"]
[BlackTeam "USV Halle"]
[PlyCount "55"]
[WhiteFideId "16259637"]
[BlackFideId "34603280"]
[EventCountry "GER"]
[EventRounds "7"]
[EventType "team-swiss"]
[EventDate "2024.12.26"]

1. e4 c6 2. d4 d5 3. e5 Bf5 4. Nf3 e6 5. Be2 Ne7 6. O-O Nd7 7. h4 c5 8. Nc3 a6
9. Be3 Nc6 10. dxc5 Nxc5 11. Nd4 Bg6 12. f4 Nxd4 13. Bxd4 h5 14. b4 Nd7 15. b5
Qc7 16. f5 Bxf5 17. Rxf5 exf5 18. Nxd5 Qa5 19. e6 Nc5 20. exf7+ Kxf7 21. Bc4
Bd6 22. Nc7+ Kg6 23. Nxa8 Rxa8 24. Qf3 Qb4 25. Qd5 Bf8 26. Rf1 Qd2 27. Qxf5+
Kh6 28. Bxc5 1-0

[Event "DVM U16 2024"]
[Site "Sebnitz GER"]
[Date "2024.12.29"]
[Round "5"]
[White "Haase, Alexander"]
[Black "Haubold, Christian"]
[Result "0-1"]
[Termination "normal"]
[Board "7.2"]
[WhiteElo "1701"]
[BlackElo "2074"]
[WhiteTeam "USV Halle"]
[BlackTeam "USC Magdeburg"]
[PlyCount "88"]
[WhiteFideId "34606602"]
[BlackFideId "16259629"]
[EventCountry "GER"]
[EventRounds "7"]
[EventType "team-swiss"]
[EventDate "2024.12.26"]

1. e4 e5 2. Nf3 Nc6 3. Bc4 Nf6 4. d3 Bc5 5. O-O O-O 6. c3 d5 7. exd5 Nxd5 8.
Re1 Bg4 9. h3 Bh5 10. Nbd2 Nb6 11. Ne4 Nxc4 12. Nxc5 Nd6 13. g4 Bg6 14. Bg5 Qc8
15. Nh4 h6 16. Nxg6 fxg6 17. Bh4 Kh7 18. Bg3 Nf7 19. h4 b6 20. Ne4 Qd7 21. Qe2
Nd6 22. Nxd6 cxd6 23. Rad1 Rae8 24. b4 b5 25. a3 a6 26. g5 h5 27. Qc2 d5 28. a4
Rf3 29. Re3 Rxe3 30. fxe3 Qg4 31. Kh2 Rf8 32. Rg1 Rf3 33. axb5 axb5 34. Qe2
Rxg3 35. Qxg4 Rxg4 36. Rxg4 hxg4 37. Kg3 Ne7 38. Kxg4 Kg8 39. e4 Kf7 40. h5
gxh5+ 41. Kxh5 dxe4 42. dxe4 Nc8 43. g6+ Kf6 44. Kg4 Nd6 0-1

[Event "DVM U16 2024"]
[Site "Sebnitz GER"]
[Date "2024.12.29"]
[Round "5"]
[White "Kuhlmann, Nils Magnus"]
[Black "Patzschke, Carlo"]
[Result "1-0"]
[Termination "normal"]
[Board "7.3"]
[WhiteElo "1796"]
[BlackElo "1847"]
[WhiteTeam "USC Magdeburg"]
[BlackTeam "USV Halle"]
[PlyCount "39"]
[WhiteFideId "16287177"]
[BlackFideId "34617973"]
[EventCountry "GER"]
[EventRounds "7"]
[EventType "team-swiss"]
[EventDate "2024.12.26"]

1. e4 g6 2. Nf3 Bg7 3. d4 d6 4. Bd3 a6 5. h3 b5 6. a4 b4 7. c3 c5 8. Be3 Nd7 9.
cxb4 Qb6 10. bxc5 dxc5 11. e5 Bb7 12. Nbd2 Qb4 13. O-O Rd8 14. Qe2 Nh6 15. Bxa6
Bxa6 16. Qxa6 Nf5 17. Qc4 Qa5 18. Nb3 Nxe3 19. fxe3 Qa7 20. Ng5 1-0

[Event "DVM U16 2024"]
[Site "Sebnitz GER"]
[Date "2024.12.29"]
[Round "5"]
[White "Lischka, Marten"]
[Black "Pham, Jacky"]
[Result "0-1"]
[Termination "normal"]
[Board "7.4"]
[WhiteElo "1747"]
[BlackElo "1601"]
[WhiteTeam "USV Halle"]
[BlackTeam "USC Magdeburg"]
[PlyCount "120"]
[WhiteFideId "34603328"]
[BlackFideId "34611606"]
[EventCountry "GER"]
[EventRounds "7"]
[EventType "team-swiss"]
[EventDate "2024.12.26"]

1. e4 c5 2. Nc3 e6 3. f4 d5 4. Bb5+ Bd7 5. Bxd7+ Qxd7 6. d3 b5 7. Nf3 b4 8. Ne2
dxe4 9. dxe4 Qxd1+ 10. Kxd1 Nf6 11. Ng3 Nc6 12. Ke2 Be7 13. Rd1 O-O 14. Be3
Rfc8 15. Nd2 Ng4 16. Bg1 e5 17. Kf3 exf4 18. Kxg4 fxg3 19. Kxg3 Ne5 20. Nf3 Bf6
21. Rd5 Nxf3 22. gxf3 Bxb2 23. Rb1 Bc3 24. Bxc5 h6 25. Kf4 Rc6 26. Rbd1 Kh7 27.
Ke3 Ra6 28. Bd4 Bxd4+ 29. R1xd4 Rxa2 30. Rc5 a5 31. Rd7 Kg8 32. Rcc7 Rf8 33. e5
Ra3+ 34. Ke2 Rc3 35. Rxc3 bxc3 36. Kd3 Ra8 37. Kxc3 a4 38. Kb2 a3+ 39. Ka2 Rc8
40. Kxa3 Rxc2 41. Rd8+ Kh7 42. Kb3 Rxh2 43. Kc4 Rf2 44. Rd3 Kg6 45. Kd4 Kf5 46.
Ke3 Rf1 47. Ke2 Ra1 48. Rd7 Ke6 49. Rb7 Ra6 50. Kf2 g5 51. Rb5 Ra7 52. Rb6+
Kxe5 53. Rxh6 f5 54. Kg3 Ra3 55. Rh1 g4 56. Rf1 Re3 57. Rf2 gxf3 58. Rxf3 Ke4
59. Rxe3+ Kxe3 60. Kg2 f4 0-1

[Event "DVM U16 2024"]
[Site "Sebnitz GER"]
[Date "2024.12.29"]
[Round "5"]
[White "Geist, Tim"]
[Black "Prashanthakumar, Arju"]
[Result "0-1"]
[Termination "normal"]
[Board "8.1"]
[WhiteElo "2011"]
[BlackElo "1792"]
[WhiteTeam "SV Isental"]
[BlackTeam "SV 1926 Riegelsberg"]
[PlyCount "58"]
[WhiteFideId "34604324"]
[BlackFideId "34604065"]
[EventCountry "GER"]
[EventRounds "7"]
[EventType "team-swiss"]
[EventDate "2024.12.26"]

1. e4 e6 2. d4 d5 3. e5 c5 4. c3 Nc6 5. Nf3 Bd7 6. Be2 Nge7 7. Na3 cxd4 8. cxd4
Nf5 9. Nc2 Be7 10. O-O O-O 11. a3 f6 12. g4 Nh6 13. exf6 Rxf6 14. g5 Rxf3 15.
Bxf3 Bxg5 16. Kh1 Bxc1 17. Rxc1 Qh4 18. Qd3 Rf8 19. Rcd1 Rf4 20. Be2 Nf5 21.
Ne3 Ncxd4 22. Ng2 Qg5 23. Nxf4 Qxf4 24. Rc1 Bb5 25. Qxb5 Nxb5 26. Bxb5 Qf3+ 27.
Kg1 Nh4 28. Rc8+ Kf7 29. Be8+ Kf6 0-1

[Event "DVM U16 2024"]
[Site "Sebnitz GER"]
[Date "2024.12.29"]
[Round "5"]
[White "Klein, Raphael"]
[Black "Navarro Jahnke, Leo"]
[Result "0-1"]
[Termination "normal"]
[Board "8.2"]
[WhiteElo "1693"]
[BlackElo "2001"]
[WhiteTeam "SV 1926 Riegelsberg"]
[BlackTeam "SV Isental"]
[PlyCount "60"]
[WhiteFideId "16283791"]
[BlackFideId "16234146"]
[EventCountry "GER"]
[EventRounds "7"]
[EventType "team-swiss"]
[EventDate "2024.12.26"]

1. d4 d5 2. Nf3 Nf6 3. c3 e6 4. Bf4 Bd6 5. e3 O-O 6. Nbd2 Nbd7 7. Bd3 Re8 8.
Ne5 Bxe5 9. dxe5 Nc5 10. Bc2 Nfd7 11. b4 Na6 12. Qh5 Nf8 13. Nf3 f5 14. g4 g6
15. Qh3 c5 16. a3 cxb4 17. axb4 Bd7 18. Kd2 Rc8 19. Bd3 Qc7 20. Rac1 Qb6 21.
Nd4 Nc7 22. Rhg1 Nb5 23. Bxb5 Bxb5 24. gxf5 exf5 25. Nxf5 Bd7 26. Nh6+ Kg7 27.
Nf5+ Kh8 28. Rg5 Bxf5 29. Rxf5 gxf5 30. Rg1 Ng6 0-1

[Event "DVM U16 2024"]
[Site "Sebnitz GER"]
[Date "2024.12.29"]
[Round "5"]
[White "Geist, Denis"]
[Black "Tabales, Lennart"]
[Result "0-1"]
[Termination "normal"]
[Board "8.3"]
[WhiteElo "1935"]
[BlackElo "1676"]
[WhiteTeam "SV Isental"]
[BlackTeam "SV 1926 Riegelsberg"]
[PlyCount "35"]
[WhiteFideId "34605100"]
[BlackFideId "34604057"]
[EventCountry "GER"]
[EventRounds "7"]
[EventType "team-swiss"]
[EventDate "2024.12.26"]

1. e4 c5 2. Nf3 e6 3. d4 cxd4 4. Nxd4 a6 5. c4 Nf6 6. Nc3 Bb4 7. Qd3 d5 8. exd5
exd5 9. Be2 O-O 10. O-O Bxc3 11. Qxc3 dxc4 12. Bxc4 b5 13. Bb3 Bb7 14. Rd1 Ne4
15. Ne6 Qxd1+ 16. Bxd1 Nxc3 17. Nxf8 Nxd1 18. Bd2 0-1

[Event "DVM U16 2024"]
[Site "Sebnitz GER"]
[Date "2024.12.29"]
[Round "5"]
[White "Jung, Marcel"]
[Black "Ruhland, Nico"]
[Result "1-0"]
[Termination "normal"]
[Board "8.4"]
[WhiteElo "1700"]
[BlackElo "1618"]
[WhiteTeam "SV 1926 Riegelsberg"]
[BlackTeam "SV Isental"]
[PlyCount "84"]
[WhiteFideId "34673881"]
[BlackFideId "34646345"]
[EventCountry "GER"]
[EventRounds "7"]
[EventType "team-swiss"]
[EventDate "2024.12.26"]

1. c4 e5 2. Nc3 Nc6 3. e3 Nf6 4. Nf3 d5 5. cxd5 Nxd5 6. Bb5 Nxc3 7. bxc3 Bd6 8.
d4 Bd7 9. O-O Qe7 10. Bb2 a6 11. Ba4 b5 12. Bc2 O-O 13. c4 e4 14. Nd2 bxc4 15.
Nxe4 Nb4 16. Bb1 Nd3 17. Bxd3 cxd3 18. Nxd6 cxd6 19. a4 Bf5 20. Re1 d5 21. Ba3
Qg5 22. Bxf8 Rxf8 23. Qf3 Bg4 24. Qg3 Qg6 25. f3 Bf5 26. Qxg6 Bxg6 27. Kf2 Rc8
28. Ra2 f6 29. e4 dxe4 30. fxe4 Rc2+ 31. Rxc2 dxc2 32. Ke3 Bh5 33. Rc1 Bd1 34.
Kd3 Kf7 35. Kc4 a5 36. Kb5 Be2+ 37. Kxa5 Bd3 38. Kb6 Bxe4 39. a5 Ke6 40. Kc5
Bd3 41. d5+ Ke5 42. d6 Be4 1-0

[Event "DVM U16 2024"]
[Site "Sebnitz GER"]
[Date "2024.12.29"]
[Round "5"]
[White "Sommerfeld, Felix"]
[Black "Malchereck, Romeo"]
[Result "1-0"]
[Termination "normal"]
[Board "9.1"]
[WhiteElo "1787"]
[BlackElo "1775"]
[WhiteTeam "Krefelder SK Turm 1851"]
[BlackTeam "Hamburger SK 1830"]
[PlyCount "119"]
[WhiteFideId "34646744"]
[BlackFideId "16265831"]
[EventCountry "GER"]
[EventRounds "7"]
[EventType "team-swiss"]
[EventDate "2024.12.26"]

1. Nf3 e6 2. e3 Nf6 3. c4 d5 4. Nc3 Be7 5. d4 O-O 6. Be2 b6 7. O-O Bb7 8. Qc2
Nbd7 9. cxd5 exd5 10. Ne5 c5 11. f4 a6 12. a4 Ne4 13. Bf3 Ndf6 14. Rd1 Rc8 15.
Nxe4 dxe4 16. dxc5 Qc7 17. Be2 Bxc5 18. Qb3 Rcd8 19. Bd2 Bd5 20. Bc4 Bxc4 21.
Nxc4 Rd3 22. Qc2 b5 23. axb5 axb5 24. Ba5 Qc8 25. b4 bxc4 26. bxc5 Qxc5 27.
Rxd3 exd3 28. Qd2 Nd5 29. Kf2 Re8 30. Bc3 Nxe3 31. Kf3 Qh5+ 32. Kf2 Nd5 33. Be5
f6 34. Qa5 Qf7 35. Bd4 Nxf4 36. Qb5 Re2+ 37. Kf1 Re8 38. Be3 g5 39. Ra7 Qe6 40.
Qb7 Re7 41. Qxe7 Qxe7 42. Rxe7 Nd5 43. Re4 c3 44. Ke1 c2 45. Bc1 Nc3 46. Re3
Ne2 47. Rxe2 dxe2 48. Kxe2 Kg7 49. Kd2 g4 50. Kxc2 Kg6 51. Kd3 Kf5 52. Bh6 Kg6
53. Bf4 Kf5 54. Ke3 h5 55. Bb8 h4 56. Bc7 Kg5 57. Ke4 f5+ 58. Ke5 g3 59. h3 Kg6
60. Kf4 1-0

[Event "DVM U16 2024"]
[Site "Sebnitz GER"]
[Date "2024.12.29"]
[Round "5"]
[White "Kellner, Anton"]
[Black "Ramolla, Jan"]
[Result "1-0"]
[Termination "normal"]
[Board "9.2"]
[WhiteElo "1788"]
[BlackElo "1809"]
[WhiteTeam "Hamburger SK 1830"]
[BlackTeam "Krefelder SK Turm 1851"]
[PlyCount "97"]
[WhiteFideId "16293185"]
[BlackFideId "34678697"]
[EventCountry "GER"]
[EventRounds "7"]
[EventType "team-swiss"]
[EventDate "2024.12.26"]

1. d4 Nf6 2. c4 g6 3. Nc3 Bg7 4. e4 d6 5. Nf3 O-O 6. Be2 e5 7. O-O Nc6 8. d5
Ne7 9. Ne1 Ne8 10. Be3 f5 11. f3 f4 12. Bf2 Nf6 13. a4 g5 14. c5 h5 15. cxd6
cxd6 16. a5 Ng6 17. Nb5 g4 18. Bxa7 g3 19. Bb6 Qe7 20. Rc1 Nh7 21. Bd3 Qh4 22.
h3 Bxh3 23. gxh3 Ng5 24. Qd2 Nxh3+ 25. Kg2 Nf2 26. Rxf2 Qh2+ 27. Kf1 gxf2 28.
Qxf2 Qg3 29. Nxd6 h4 30. Nf5 Qg5 31. d6 Bf6 32. Qg2 Qxg2+ 33. Kxg2 Bd8 34. Bxd8
Rfxd8 35. b4 Kh8 36. Bc4 Rac8 37. Nd3 Rc6 38. b5 Rcxd6 39. Nxd6 Rxd6 40. Bd5
Rd7 41. b6 Rg7 42. Kh2 h3 43. Rg1 Nh4 44. Rxg7 Kxg7 45. Kxh3 Nxf3 46. Bxb7 Nd4
47. a6 f3 48. a7 f2 49. Nxf2 1-0

[Event "DVM U16 2024"]
[Site "Sebnitz GER"]
[Date "2024.12.29"]
[Round "5"]
[White "Vasylieva, Kira"]
[Black "Wokel, Justus"]
[Result "1/2-1/2"]
[Termination "normal"]
[Board "9.3"]
[WhiteElo "1647"]
[BlackElo "1710"]
[WhiteTeam "Krefelder SK Turm 1851"]
[BlackTeam "Hamburger SK 1830"]
[PlyCount "41"]
[WhiteFideId "34653465"]
[BlackFideId "34652922"]
[EventCountry "GER"]
[EventRounds "7"]
[EventType "team-swiss"]
[EventDate "2024.12.26"]

1. e4 e5 2. Nf3 Nc6 3. c3 Nf6 4. d4 Nxe4 5. d5 Ne7 6. Nxe5 Nf6 7. c4 d6 8. Nf3
Ng6 9. Bd3 Be7 10. h3 O-O 11. O-O Nd7 12. b3 Bf6 13. Bxg6 hxg6 14. Nd4 Re8 15.
Nc3 a5 16. a4 Nc5 17. Rb1 Ne4 18. Nxe4 Rxe4 19. Be3 Bg5 20. Qf3 Rh4 21. Rfe1
1/2-1/2

[Event "DVM U16 2024"]
[Site "Sebnitz GER"]
[Date "2024.12.29"]
[Round "5"]
[White "Borgert, Alexander"]
[Black "Bitter, Daniel"]
[Result "1/2-1/2"]
[Termination "normal"]
[Board "9.4"]
[WhiteElo "1716"]
[BlackElo "1689"]
[WhiteTeam "Hamburger SK 1830"]
[BlackTeam "Krefelder SK Turm 1851"]
[PlyCount "52"]
[WhiteFideId "16289188"]
[BlackFideId "34646710"]
[EventCountry "GER"]
[EventRounds "7"]
[EventType "team-swiss"]
[EventDate "2024.12.26"]

1. d4 Nf6 2. c4 g6 3. Nc3 Bg7 4. Nf3 O-O 5. Bf4 d6 6. e3 Nh5 7. Bg3 Nxg3 8.
hxg3 Bg4 9. Be2 Nd7 10. Nd2 Bxe2 11. Qxe2 c5 12. Nf3 cxd4 13. exd4 Nb6 14. b3
e6 15. Rc1 Rc8 16. O-O d5 17. cxd5 Nxd5 18. Nxd5 Qxd5 19. Qd2 Rfd8 20. Rfd1
Rxc1 21. Qxc1 e5 22. Re1 e4 23. Nd2 Bxd4 24. Nxe4 f5 25. Ng5 Bf6 26. Nf3 Qd6
1/2-1/2

[Event "DVM U16 2024"]
[Site "Sebnitz GER"]
[Date "2024.12.29"]
[Round "5"]
[White "Trenz, Finn"]
[Black "Klein, Timon"]
[Result "1-0"]
[Termination "normal"]
[Board "10.1"]
[WhiteElo "1914"]
[BlackElo "1784"]
[WhiteTeam "SV Multatuli Ingelheim"]
[BlackTeam "SC Leipzig-Lindenau"]
[PlyCount "45"]
[WhiteFideId "16279379"]
[BlackFideId "34651713"]
[EventCountry "GER"]
[EventRounds "7"]
[EventType "team-swiss"]
[EventDate "2024.12.26"]

1. e4 c6 2. d4 d5 3. e5 Bf5 4. h4 h5 5. Bg5 Qb6 6. Bd3 Bxd3 7. Qxd3 Qxb2 8. e6
Qxa1 9. Qb3 Qxd4 10. Qxb7 Qe4+ 11. Be3 fxe6 12. Nf3 Kd8 13. Qxa8 Qb4+ 14. Nbd2
Kc8 15. Ne5 Qb7 16. Qxb7+ Kxb7 17. Ng6 d4 18. Bg5 Rh7 19. Nxf8 Rh8 20. Nxe6 Nf6
21. O-O g6 22. Rb1+ Kc8 23. Nxd4 1-0

[Event "DVM U16 2024"]
[Site "Sebnitz GER"]
[Date "2024.12.29"]
[Round "5"]
[White "Göllnitz, Aaron"]
[Black "González Peisker, Mateo León"]
[Result "1-0"]
[Termination "normal"]
[Board "10.2"]
[WhiteElo "1615"]
[BlackElo "1577"]
[WhiteTeam "SC Leipzig-Lindenau"]
[BlackTeam "SV Multatuli Ingelheim"]
[PlyCount "31"]
[WhiteFideId "34617183"]
[BlackFideId "34610138"]
[EventCountry "GER"]
[EventRounds "7"]
[EventType "team-swiss"]
[EventDate "2024.12.26"]

1. d4 f5 2. g3 Nf6 3. Bg2 e6 4. Nf3 Be7 5. O-O O-O 6. c4 d6 7. Nc3 Ne4 8. Qc2
Nxc3 9. Qxc3 Nd7 10. Rb1 Nf6 11. b4 Ne4 12. Qc2 b6 13. Nd2 Nxd2 14. Bxd2 d5 15.
cxd5 Bb7 16. d6 1-0

[Event "DVM U16 2024"]
[Site "Sebnitz GER"]
[Date "2024.12.29"]
[Round "5"]
[White "Richter, Peter"]
[Black "Montonen, Elias"]
[Result "1-0"]
[Termination "normal"]
[Board "10.4"]
[WhiteElo "1143"]
[BlackElo "1186"]
[WhiteTeam "SC Leipzig-Lindenau"]
[BlackTeam "SV Multatuli Ingelheim"]
[PlyCount "90"]
[WhiteFideId "34617094"]
[EventCountry "GER"]
[EventRounds "7"]
[EventType "team-swiss"]
[EventDate "2024.12.26"]

1. e4 c6 2. d4 d5 3. e5 c5 4. Nf3 Bg4 5. c3 Nc6 6. dxc5 Bxf3 7. Qxf3 Nxe5 8.
Bb5+ Nc6 9. O-O e6 10. Be3 Nf6 11. Nd2 Be7 12. Nb3 O-O 13. Rad1 Qc7 14. Qf4
Qxf4 15. Bxf4 Ne4 16. Be3 a5 17. a4 Ne5 18. f3 Nc4 19. Bxc4 dxc4 20. fxe4 cxb3
21. Rd7 Rfe8 22. Rxb7 Rab8 23. Rxb8 Rxb8 24. Rd1 Rc8 25. Rd7 Kf8 26. Rb7 Bxc5
27. Bxc5+ Rxc5 28. Rxb3 Re5 29. Rb5 Rxe4 30. Rxa5 Rc4 31. Ra8+ Ke7 32. Ra7+ Ke8
33. Kf2 Kf8 34. Ke3 e5 35. g3 f5 36. Kd3 Rg4 37. a5 h5 38. Rd7 h4 39. gxh4 Rxh4
40. a6 Ke8 41. Rxg7 Ra4 42. a7 Kf8 43. Rh7 Kg8 44. Re7 Kf8 45. Rxe5 Rxa7 1-0